000 00631nam a2200253Ia 4500
003 OSt
005 20220928105557.0
006 a|||||r|||| 00| 0
007 ta
008 220927b |||||||| |||| 00| 0 eng d
024 _a67411
037 _cTextual
040 _aSDCL
_cSDCL
_beng
041 _2eng
_aeng
082 _aU8.5975'P, P5
100 _aFoster Jane
_9415865
245 0 _aCroatia
250 _a2
260 _aBath
_bFootprint
_c2005
300 _a368p.,Maps.
_ccm.
650 _aCroatia Tourism
_9415866
942 _hU8.5975'P, P5
_cTEXL
_2CC
999 _c731764
_d731764